Chemical technology : from principles to products /

Gespeichert in:
Bibliographische Detailangaben
Hauptverfasser: Jess, Andreas (Verfasst von), Wasserscheid, Peter (Verfasst von)
Format: E-Book
Sprache:Englisch
Veröffentlicht: Weinheim : Wiley-VCH, 2020.
Ausgabe:Second edition.
Schlagworte:
Online-Zugang:Im OPAC anzeigen
Tags: Tag hinzufügen
Keine Tags, Fügen Sie das erste Tag hinzu!

MARC

LEADER 00000pam a22000001i 4500
001 021953819
003 UkOxU
005 20260127134424.0
006 m || d |
007 cr |||||||||||
008 191220s2020 gw o 000|0|eng|d
015 |a GBC004162  |2 bnb 
020 |a 9783527344215: 
035 |a (Uk)019667239 
037 |a 9783527815661  |b Wiley 
040 |a StDuBDS  |b eng  |e rda  |e pn  |c SK-BrSCK  |d Uk 
042 |a ukblsr 
082 0 4 |a 660  |2 23 
100 1 |a Jess, Andreas,  |e author. 
245 1 0 |a Chemical technology :  |b from principles to products /  |c Andreas Jess, Peter Wasserscheid. 
250 |a Second edition. 
264 1 |a Weinheim :  |b Wiley-VCH,  |c 2020. 
300 |a xl, 865 p.:  |b ill;  |c 28 cm. 
500 |a Academic 
506 1 |a Legal Deposit;  |c Only available on premises controlled by the deposit library and to one user at any one time;  |e The Legal Deposit Libraries (Non-Print Works) Regulations (UK).  |5 UkOxU 
540 |a Restricted: Printing from this resource is governed by The Legal Deposit Libraries (Non-Print Works) Regulations (UK) and UK copyright law currently in force.  |5 UkOxU 
588 |a Description based on CIP data; resource not viewed. 
650 0 |a Chemistry, Technical. 
650 0 |a Chemical engineering. 
700 1 |a Wasserscheid, Peter,  |e author. 
942 |2 udc  |c 14 
999 |c 12436  |d 12436